La iniciativa privada en la concesión de obra y de servicios públicos (Registro nro. 7685)

Detalles MARC
000 -LEADER
fixed length control field 01362 a2200217 4500
001 - CONTROL NUMBER
control field 62491
005 - DATE AND TIME OF LATEST TRANSACTION
control field 20260407155918.0
008 - FIXED-LENGTH DATA ELEMENTS--GENERAL INFORMATION
fixed length control field 260407a1992 arg spa d
003 - CONTROL NUMBER IDENTIFIER
control field AR-UNSa-BCEJYS
040 ## - CATALOGING SOURCE
Original cataloging agency AR-UNSa-BCEJYS
Language of cataloging spa
Transcribing agency AR-UNSa-BCEJYS
080 ## - UNIVERSAL DECIMAL CLASSIFICATION NUMBER
Universal Decimal Classification number 351.712
Common auxiliary subdivision Obras públicas. Contratos, contratantes
020 ## - INTERNATIONAL STANDARD BOOK NUMBER
International Standard Book Number 978-950-569-038-1
041 ## - LANGUAGE CODE
Language code of text/sound track or separate title spa
100 1# - MAIN ENTRY--PERSONAL NAME
Personal name Mertehikian, Eduardo
245 10 - TITLE STATEMENT
Title La iniciativa privada en la concesión de obra y de servicios públicos
264 #1 - PRODUCTION, PUBLICATION, DISTRIBUTION, MANUFACTURE, AND COPYRIGHT NOTICE
Place of production, publication, distribution, manufacture Buenos Aires :
Name of producer, publisher, distributor, manufacturer Abaco de Rodolfo Depalma
Date of production, publication, distribution, manufacture, or copyright notice 1992
300 ## - PHYSICAL DESCRIPTION
Extent 196 p.
Dimensions 23 cm.
505 ## - FORMATTED CONTENTS NOTE
Formatted contents note 1. Introducción - 2. La concesión de obra pública y la nueva legislación – 3. Régimen legal – 4. Concesión de obra pública y concesión de servicios públicos – 5. El interés público comprometido – 6. Requisitos que debe contener una iniciativa particular – 7. Procedimiento de selección del concesionario – 8. Derechos del autor de la iniciativa declarada de interés público – 9. Convocatoria a presentación de iniciativas privadas – 10. Breves comentarios a la legislación de la Provincia de Buenos Aires – 11. Breves comentarios a la legislación de la provincia de Mendoza – 12. La concesión por iniciativa privada en el derecho extranjero. El caso de la ley chilena.
590 ## - LOCAL NOTE (RLIN)
Local note niveau_biblio:m niveau_hierar:0
942 ## - ADDED ENTRY ELEMENTS (KOHA)
Koha item type
Existencias
Withdrawn status Lost status Damaged status Not for loan Home library Current library Shelving location Date acquired Total checkouts Full call number Barcode Date last seen Price effective from Koha item type
        Biblioteca Prof. Eusebio Cleto del Rey Biblioteca Prof. Eusebio Cleto del Rey   07/04/2026   351.712 M575 L58901 07/04/2026 07/04/2026 Libro